MDQL
is popping MORE tags! Check the
thread
!
Quizzes
Events
Quiz Creation
Community
Videos
Private Events
Remove Ads
Sign In
Join for FREE
Feedback
Dark Mode
Quiz Categories
Sports
Geography
Music
Movies
Television
Just For Fun
Miscellaneous
History
Literature
Language
Science
Gaming
Entertainment
Religion
Holiday
For Kids
Quiz Lab
Recent
Popular Today
Quiz Kudos Today
Editor Picks
Curator Picks
Quizzes by...
Day
Popularity
Type
Ratings
Length
Year
Community
Subscriptions
Recent Discussions
Orange Saloon
Badges
Playlists
Quests
Create
Leaderboards
Showdown
Live 5
Trivia Bingo
Activity
Puzzle Library
Sporcle Events
Private Events
Virtual Trivia
Globe League
Become a Host
Pub Owners
SporcleCon
Opinionation
Our Games
Videos
Blog
Mobile Apps
Partnerships
Remove Ads and Go Orange
Feedback
Sports
Athletes
MLB
NBA
NHL
NFL
Soccer
Sports Teams
WWE
NCAA
Football
Premier League
Basketball
Baseball
Hockey
Golf
Tennis
Cricket
Rugby
Auto Racing
Olympics
World Cup
Sports
Athletes
MLB
NBA
NHL
NFL
Soccer
Sports Teams
WWE
NCAA
Football
Premier League
Basketball
Baseball
Hockey
Golf
Tennis
Cricket
Rugby
Auto Racing
Olympics
World Cup
Random Quiz
Search Sporcle
×
Quiz Lab
Quiz Lab
Sports
Basketball
Type in answers that appear in a list
Type in answers that appear in a list
Classic
Best Score? Go Orange.
NBA Most 30 Point Games (Since 1985) Stats
Can you name the NBA players with the most 30 point games since 1985?
By
MM008
8m
33 Questions
5,464 Plays
5,464 Plays
5,464 Plays
Comments
Comments
Give Quiz Kudos
Give Quiz Kudos
-
- Ratings
hide this ad
More Info
Replay
Link that replays current quiz
Next Quiz
Link to next quiz in quiz playlist
You Got
0%
They Got
Avg Score
68%
Avg Friend Score
Upgrade to see
Score Distribution
Jump to the score distribution portion of the page
Score
0/33
Timer
08:00
0
Plays Today
% Correct
Michael Jordan
99%
Kobe Bryant
97.4%
LeBron James
96.9%
Shaquille O'Neal
92.9%
Dwayne Wade
87%
Karl Malone
86.2%
Allen Iverson
86.1%
Tim Duncan
86%
Paul Pierce
83.1%
Dirk Nowitzki
80.7%
Tracy McGrady
80.1%
Larry Bird
80.1%
Ray Allen
79.4%
Hakeem Olajuwon
79.3%
Carmelo Anthony
78.8%
Vince Carter
77.1%
David Robinson
76.7%
% Correct
Patrick Ewing
74.9%
Kevin Durant
73.9%
Charles Barkley
70.8%
Reggie Miller
66.9%
Clyde Drexler
64.5%
Amare Stoudemire
62.4%
Dominique Wilkins
56.6%
Gilbert Arenas
51.5%
Chris Mullin
42%
Antawn Jamison
41.7%
Stephon Marbury
39.5%
Mitch Richmond
38.8%
Glen Rice
35.4%
Alex English
33.3%
Dale Ellis
31.3%
Tom Chambers
19.7%
Quiz Playlist
Details
Report
Send in Message
Add To Playlist
More Info:
*Denotes player is active
Classic:
Type in answers that appear in a list
Quiz Source
Last Updated: Feb 16, 2017
Quiz Scoreboard
CHALLENGE
Sign Up to Join the Scoreboard
Show All
Scores
Hide
Comments
May contain spoilers
Recently Published
Image Sorting: Flags VI
by Barbecue
Geography
2m
Find the 'City' Movie
by crazypaving
Movies
60s
Colored Red Africa Blitz
by spor1
Geography
45s
More to Explore
Quiz From the Vault
Featured Blog Post
14 Easter Pick-up Lines to Find Eggs With
hide this ad
You Might Also Like...
Tags
Basketball Quiz
NBA Quiz
1985
Player
point
Today's Top Quizzes in Sports
Browse Sports
hide this ad
Today's Top Quizzes in Basketball
Browse Basketball
Top Contributed Quizzes in Sports
1
Les meilleurs buteurs des matchs entre le PSG et l’OM
2
Les entraîneurs de l'OM et du PSG au 21e siècle
3
2022 World Cup Stars
4
Les joueurs passés par le PSG et l'OM
5
Players with Multiple 50 Home Run Seasons
6
Criteria MLB: Left Handed Sluggers
7
FIFA Club World Cup Champions
8
Les joueurs passés par le LOSC et le RC Lens
9
NBA Logic Puzzle 2.0
10
Top 10 NHL Goal Scorers of All Time
Explore More
Trending Topics
NBA
Anime
Marvel
Kpop
Disney
Crossword
Harry Potter
The Office
Song
Country
Pokémon
NFL
Puzzle
WWE
Soccer
hide this ad
More By:
MM008
Quiz
Plays
Rating
Category
Featured
Created
NFL 3,000-Passing Yard Seasons by Team
145,090
4.52
Sports
Nov 18, 2010
NFL Players with Multiple MVPs
71,974
4.54
Sports
Apr 8, 2010
NFL 1,000 Yard Receivers on Multiple Teams
58,461
4.39
Sports
Aug 12, 2011
NFL QBs with 100+ TD passes with a Team
19,185
4.39
Sports
Aug 1, 2010
NBA Most Double-Double Games
5,991
4.33
Sports
May 27, 2011
Go to Creator's Profile
Score Distribution
Quiz Creator Spotlight
MM008
Follow
Send a Message
Quizzes Created
-
Created Quiz Play Count
-
More By This Creator
Popular Quizzes Today
1
Colored Red Africa Blitz
2
Find the US States - No Outlines Minefield
3
Find the 'City' Movie
4
5x2 Blitz: Bands
5
The Countries of the World
6
Find the US States
7
Find the Countries of Europe - No Outlines Minefield
8
US States
More Sports Quizzes
Best English Players NOT At Major Tournaments
Curator's Pick
Trending Quizzes
Colored Red Europe Blitz I
Colored Red Europe Blitz II
Colored Red Africa Blitz II
Colored Red Europe Blitz III
Colored Red Africa Blitz III
Recently Updated
How Do You Spell That?
pecheneg
Godzilla Movies
pecheneg
Grab Bag: 4-10 Letters
pecheneg
2024 March Madness Bracket
pecheneg
Famous TV Couples
Peacemaker
Champions League XIs: Real Madrid
pecheneg
Largest US Cities 1790-2010
pecheneg
Rides in Walt Disney World
pecheneg
Most Oscar Losses (Acting)
pecheneg
Beyoncé Albums
pecheneg
Trending Topics
NBA
Marvel
Harry Potter
Crossword
Disney
Kpop
Anime
Soccer
Country
Puzzle
Pokémon
WWE
The Office
NFL
Song
Your Account Isn't Verified!
In order to create a playlist on Sporcle, you need to verify the email address you used during registration. Go to your
Sporcle Settings
to finish the process.
Report this User
Report this user for behavior that violates our
Community Guidelines
.
Details:
Send Report
Go to the Sporcle.com Mobile Site →
Comments